| 000 | 00639cam a2200217 a 4500 | ||
|---|---|---|---|
| 001 | 000007762 | ||
| 005 | 20200929154306.0 | ||
| 008 | 900420s1984 sp 000 0 spa | ||
| 020 | _a8433917072 | ||
| 040 |
_aDO-SdBNP _cDLC |
||
| 082 |
_ann* _bV712i |
||
| 100 | 1 |
_aVila Matas, Enrique, _d1948- _921454 |
|
| 245 | 1 | 0 |
_aImpostura / _cEnrique Vila Matas. |
| 260 |
_aBarcelona : _bAnagrama, _c1984. |
||
| 300 |
_a117 p. ; _c20 cm. |
||
| 490 | 1 |
_aNarrativas Hispánicas _v7 |
|
| 650 | 4 |
_aNovela española _91123 |
|
| 650 | 4 |
_aLiteratura española _9632 |
|
| 830 | 0 |
_aNarrativas Hispánicas ; _v7 _921224 |
|
| 910 | _aCatalogación por copia / LC | ||
| 999 |
_c7540 _d7540 |
||